| 000 | 00630nam a22002057a 4500 | ||
|---|---|---|---|
| 003 | NUST | ||
| 005 | 20240723124845.0 | ||
| 008 | 190817b ||||| |||| 00| 0 eng d | ||
| 038 | _aMr. Noman | ||
| 082 | _a200 | ||
| 100 |
_aHussain, Abid _919282 |
||
| 245 |
_aChannel Band Adaptation in Wireless Networks / _cAbid Hussain. |
||
| 260 |
_aIslamabad: _bSEECS - NUST, _c2016. |
||
| 300 |
_a130 p.: ill.; _c35cm. |
||
| 500 | _aHardcover. | ||
| 650 |
_aPhD- Information Technology _9123221 |
||
| 700 |
_aSupervisor:Nazar Abbas Saqib. _9124750 |
||
| 856 | _u http://10.250.8.41:8080/xmlui/handle/123456789/5254 | ||
| 942 |
_2ddc _cSC |
||
| 999 |
_c527818 _d527818 |
||